| 000 | 00000nam##2200000za#4500 |
| 001 | 9.675651 |
| 003 | CaOODSP |
| 005 | 20210624225351 |
| 007 | cr ||||||||||| |
| 008 | 150407|2000||||xxc|||||o f|0| 0 eng|d |
| 040 | |aCaOODSP|beng |
| 041 | |aeng |
| 041 | |afre |
| 043 | |an-cn--- |
| 086 | 1 |aT48-28/2000-PDF |
| 110 | 1 |aCanada.|bTransport Canada. |bTransportation Development Centre. |
| 245 | 10|aTransportation Development Centre : |h[electronic resource]|bworking for innovation in transportation |
| 260 | |aMontreal - Quebec : |bTransport Canada. |cc2000. |
| 300 | |a2p.|bphotographs |
| 500 | |aThe catalogue number (T48-28/2000) and ISBN (0-662-65068-9) for the print edition have been incorrectly copied in this electronic publication. |
| 590 | |a12-16-Supp|b2012-04-17 |
| 690 | 07|aTransport|2gcpds |
| 690 | 07|aResearch and development|2gcpds |
| 776 | 0#|tAu service de l'innovation en transports |w(CaOODSP)9.661974 |
| 792 | |tLe centre de développement des transports : |efre|w(CaOODSP)9.675652 |
| 856 | 40|ahttp://publications.gc.ca|qPDF|s406 KB|uhttps://publications.gc.ca/collections/Collection/T48-28-2000.pdf |